| 000 | 01990nam a2200493Ii 4500 | ||
|---|---|---|---|
| 001 | DIGUNAU0163 | ||
| 003 | NyNyDIG | ||
| 006 | m o d | ||
| 007 | cr ||||||||||| | ||
| 008 | 190130s2016 ck ob 000 0 spa d | ||
| 035 | _a(OCoLC)1083716376 | ||
| 040 |
_aDGITA _beng _erda _epn _cDGITA |
||
| 020 | _z9789588869469 | ||
| 020 | _z9588869463 | ||
| 041 | 0 |
_aspa _aeng |
|
| 043 | _acl----- | ||
| 050 | 1 | 4 | _aHN110.5.A8 ebook |
| 082 | 0 | 4 | _a361.1098 |
| 100 | 1 |
_aNaranjo Colorado, Luz Dary, _eauthor. |
|
| 245 | 1 | 0 |
_aSalud y educación en el laberinto neoliberal : _breflexiones sobre las condiciones sociales y políticas en el Continente / _cLuz Dary Naranjo Colorado, Luis Alberto Lesmes Sáenz. |
| 264 | 1 |
_a[Medellín, Colombia] : _bEdiciones UNAULA, _c[2016] |
|
| 336 |
_atext _btxt _2rdacontent |
||
| 337 |
_acomputer _bc _2rdamedia |
||
| 338 |
_aonline resource _bcr _2rdacarrier |
||
| 490 | 1 | _aSerie CONtexto | |
| 504 | _aIncludes bibliographical references. | ||
| 546 | _aText in Spanish and English. | ||
| 588 | 0 | _aOnline resource; title from PDF title page (Digitalia, viewed February 1, 2019) | |
| 650 | 0 |
_aSocial problems _zLatin America. |
|
| 650 | 0 |
_aDemocracy and education _zLatin America. |
|
| 650 | 0 |
_aEducation _xSocial aspects _zLatin America. |
|
| 650 | 0 |
_aHealth _xSocial aspects _zLatin America. |
|
| 651 | 0 |
_aLatin America _xSocial conditions. |
|
| 651 | 0 |
_aLatin America _xSocial policy. |
|
| 655 | 0 | _aElectronic books. | |
| 700 | 1 |
_aLesmes Sáenz, Luis Alberto, _eauthor. |
|
| 791 | 2 |
_aDigitalia (Firm), _edistributor. |
|
| 793 | 0 |
_gDigitalia eBook Collection: _aEdiciones UNAULA. |
|
| 776 | 0 | 8 |
_iPrint version: _aNaranjo Colorado, Luz Dary. _tSalud y educación en el laberinto neoliberal. _dMedellín, Colombia : Ediciones UNAULA, 2016 _z9789588869469 |
| 830 | 0 | _aCONtexto (Medellín, Colombia) | |
| 856 | 4 | 0 |
_3Digitalia Hispánica _uhttps://www.digitaliapublishing.com/a/55675/ |
| 910 | _aPremium collection: 2019 | ||
| 942 | _cRAA | ||
| 999 |
_c254438 _d254438 |
||